| 000 | 01454nam a2200349 i 4500 | ||
|---|---|---|---|
| 003 | EG-GICUC | ||
| 005 | 20260227134354.0 | ||
| 008 | 260227s20252026ua |||fr|||| 00| 0 ara d | ||
| 017 | _a5523/2025 | ||
| 020 | _a9789774003937 | ||
| 040 |
_a EG-GICUC _bara _c EG-GICUC _d EG-GICUC _erda |
||
| 041 | 0 | _aAra | |
| 082 | 0 | 4 |
_221 _a343.83 _bم ظ . م |
| 092 | 0 | 4 | _221 |
| 099 | _aLaw1 10 343.83 م ظ . م 2025 | ||
| 100 | 0 |
_aمظهر كليب معلاوى عيسى عبدالله _eمترجم. |
|
| 245 | 1 | 2 |
_aالمسئولية المدنية والجنائية فى مجال نقل وزرع الأعضاء والأنسجة البشرية = _bCivil criminal liability in the field transferand transplantation of human organs and tissues / _cتأليف الدكتور مظهر كليب معلاوى عيسى عبدالله. |
| 250 | _aالطبعة الأولى | ||
| 264 | 1 |
_aالقاهرة : _bدار محمود للنشر والتوزيع، _c2025. |
|
| 300 |
_a616 ؛صفحة _c24 سم. |
||
| 336 |
_2rda content _atext |
||
| 337 |
_2rda media _aComputer |
||
| 338 |
_2rda carrier _aOnline Resource |
||
| 504 | _a. 545-597 ببليوجرافيا: صفحات | ||
| 546 | _aالنص باللغة العربية | ||
| 650 | 1 |
_aالطب الشرعى _2qrmak |
|
| 650 | 1 |
_aالقانون الجنائى _2qrmak |
|
| 651 | 1 | _2qrmak | |
| 856 | 4 | 0 | _uhttps://fll.law.cu.edu.eg/fulltext/bks/B10-07985.pdf |
| 905 | _a54 | ||
| 942 |
_2ddc _cBK _e21 _n0 |
||
| 999 |
_c64305 _d64305 |
||